Limits to second home council tax discounts (Record no. 71589)

MARC details
000 -LEADER
fixed length control field 00959cam a2200217 4500
001 - CONTROL NUMBER
control field WB3843-19
008 - FIXED-LENGTH DATA ELEMENTS--GENERAL INFORMATION
fixed length control field 021119n2002 000 0 eng u
035 ## - SYSTEM CONTROL NUMBER
System control number (Sirsi) u120506
245 ## - TITLE STATEMENT
Title Limits to second home council tax discounts
260 ## - PUBLICATION, DISTRIBUTION, ETC.
Date of publication, distribution, etc. 2002
490 ## - SERIES STATEMENT
Series statement ODPM News Release
Volume/sequential designation (123) 19 November 2002, (4)
520 ## - SUMMARY, ETC.
Summary, etc. Councils in England are to have the choice of applying council tax discounts of between 10% and 50% for second homes rather than the current automatic 50% discount entitlement.They will also be able to end completely discounts for long term empty property. These changes could raise an estimated extra £65m nationally for councils to invest directly in local services. http://www.odpm.gov.uk/news/0211/0123.htm
590 ## - LOCAL NOTE (RLIN)
Local note WB
650 ## - SUBJECT ADDED ENTRY--TOPICAL TERM
Topical term or geographic name entry element LOCAL AUTHORITIES
650 ## - SUBJECT ADDED ENTRY--TOPICAL TERM
Topical term or geographic name entry element SECOND HOMES
650 ## - SUBJECT ADDED ENTRY--TOPICAL TERM
Topical term or geographic name entry element COUNCIL TAX
650 ## - SUBJECT ADDED ENTRY--TOPICAL TERM
Topical term or geographic name entry element Affordable housing
9 (RLIN) 6215
650 ## - SUBJECT ADDED ENTRY--TOPICAL TERM
Topical term or geographic name entry element EMPTY PROPERTY
690 ## - LOCAL SUBJECT ADDED ENTRY--TOPICAL TERM (OCLC, RLIN)
Topical term or geographic name as entry element TAXATION
942 ## - ADDED ENTRY ELEMENTS (KOHA)
Suppress in OPAC 0
Holdings
Withdrawn status Lost status Source of classification or shelving scheme Damaged status Not for loan Home library Current library Shelving location Date acquired Total Checkouts Full call number Barcode Date last seen Copy number Price effective from Koha item type
    Dewey Decimal Classification     London London News article 19/11/2002   WB3843-19 120506-1001 06/08/2019 1 06/08/2019 News article